| 000 | 00707nam a2200205Ia 4500 | ||
|---|---|---|---|
| 001 | L250-16378 | ||
| 003 | IT-CnALBA | ||
| 008 | 170116s9999||||xx |||||||||||||| ||und|| | ||
| 040 |
_aIT-CnALBA _cIT-CnALBA |
||
| 041 | _aLATINO | ||
| 100 | _aMICHELETTI M. ANDREAS, SAC. | ||
| 245 | 0 | _aDE RATIONE DISCIPLINAE IN SACRIS SEMINARIIS. PARS TERTIA. | |
| 250 | _a1a ed. | ||
| 260 |
_a PARIS RO RA. _bHERDER- PUNTET COEDITORI _c1911 [1° Ed.:1911 - Ed.Ling.Originale: 1911] |
||
| 300 | _a428 p. (prefazione: 9) | ||
| 501 | _aSocietà San Paolo EM - Piazza San Paolo, 14 - 12051 ALBA (CN) (non commercial uses only) ® Copyright 2017 | ||
| 650 | _aTEOLOGIA PASTORALE | ||
| 942 | _cBK | ||
| 957 | _71 | ||
| 999 |
_a21126 _bSI _g Copie: 1 _c275540 _d275540 |
||